KOHA-Header-6

Business Communication Essential A Skill Based approach to Vital Business English (Record no. 850)

000 -LEADER
fixed length control field 00360nam a2200121Ia 4500
008 - FIXED-LENGTH DATA ELEMENTS--GENERAL INFORMATION
fixed length control field 190722s9999 xx 000 0 und d
020 ## - INTERNATIONAL STANDARD BOOK NUMBER
International Standard Book Number 978-81-317-3244-1
100 ## - MAIN ENTRY--PERSONAL NAME
Personal name Bovee John Thill
245 #0 - TITLE STATEMENT
Title Business Communication Essential A Skill Based approach to Vital Business English
260 ## - PUBLICATION, DISTRIBUTION, ETC. (IMPRINT)
Place of publication, distribution, etc India
Name of publisher, distributor, etc Dorling Kindersley
Date of publication, distribution, etc 2013
300 ## - PHYSICAL DESCRIPTION
Extent 200
942 ## - ADDED ENTRY ELEMENTS (KOHA)
Koha item type Books
Holdings
Withdrawn status Lost status Source of classification or shelving scheme Damaged status Not for loan Collection code Permanent Location Current Location Shelving location Date acquired Full call number Barcode Date last seen Price effective from Koha item type
          Business MAJU MAJU   2019-07-22 651.7 7476 2021-05-03 2019-07-22 Business

Powered by Koha